[Event "Junior-SM"]
[Site "Örebro"]
[Date "2013.07.14"]
[Round "9"]
[White "Ollén, Martin"]
[Black "Bengtsson, Jessica"]
[Result "1-0"]
[BlackElo "1917"]
[WhiteElo "1883"]

1. e4 {[%clk 1:29:41]} e5 {[%clk 1:30:50]} 2. Nf3 {[%clk 1:29:13]} Nc6
{[%clk 1:31:10]} 3. d4 {[%clk 1:29:39]} exd4 {[%clk 1:31:26]} 4. c3
{[%clk 1:29:52]} d5 {[%clk 1:31:03]} 5. exd5 {[%clk 1:30:00]} Qxd5
{[%clk 1:31:26]} 6. cxd4 {[%clk 1:30:24]} Bg4 {[%clk 1:31:07]} 7. Be2
{[%clk 1:30:47]} Bb4+ {[%clk 1:29:31]} 8. Nc3 {[%clk 1:30:52]} Bxf3
{[%clk 1:26:52]} 9. Bxf3 {[%clk 1:30:59]} Qc4 {[%clk 1:26:34]} 10. Bxc6+
{[%clk 1:12:37]} bxc6 {[%clk 1:26:20]} 11. Qe2+ {[%clk 1:08:26]} Qxe2+
{[%clk 1:24:43]} 12. Kxe2 {[%clk 1:07:15]} O-O-O {[%clk 1:14:52]} 13. Be3
{[%clk 1:06:15]} Nf6 {[%clk 1:10:24]} 14. Rac1 {[%clk 1:04:23]} Rhe8
{[%clk 1:04:44]} 15. Rhd1 {[%clk 1:01:45]} Nd5 {[%clk 0:58:52]} 16. Nxd5
{[%clk 0:59:34]} cxd5 {[%clk 0:58:42]} 17. Kd3 {[%clk 0:58:56]} Re6
{[%clk 0:54:19]} 18. a3 {[%clk 0:55:19]} Bd6 {[%clk 0:48:06]} 19. b4
{[%clk 0:55:12]} Kd7 {[%clk 0:45:57]} 20. Rc2 {[%clk 0:54:08]} f5
{[%clk 0:38:20]} 21. g3 {[%clk 0:52:04]} Rb8 {[%clk 0:32:26]} 22. Rdc1
{[%clk 0:51:00]} Rb6 {[%clk 0:28:01]} 23. Bd2 {[%clk 0:46:56]} c6
{[%clk 0:25:22]} 24. h4 {[%clk 0:42:00]} h5 {[%clk 0:22:06]} 25. Rc3
{[%clk 0:40:40]} g6 {[%clk 0:21:23]} 26. Bg5 {[%clk 0:39:41]} Bf8
{[%clk 0:16:59]} 27. Bf4 {[%clk 0:37:32]} Bd6 {[%clk 0:16:18]} 28. Bxd6
{[%clk 0:34:38]} Rxd6 {[%clk 0:15:15]} 29. Re1 {[%clk 0:34:23]} Re6
{[%clk 0:15:22]} 30. Rxe6 {[%clk 0:34:06]} Kxe6 {[%clk 0:15:48]} 31. Rc5
{[%clk 0:31:56]} Kd6 {[%clk 0:14:50]} 32. Ra5 {[%clk 0:31:32]} a6
{[%clk 0:09:43]} 33. Ke3 {[%clk 0:30:35]} Ke6 {[%clk 0:09:37]} 34. Kf4
{[%clk 0:30:45]} Kf6 {[%clk 0:09:34]} 35. Rc5 {[%clk 0:31:04]} Ke6
{[%clk 0:09:10]} 36. Kg5 {[%clk 0:28:23]} Kf7 {[%clk 0:09:29]} 37. Rc2
{[%clk 0:28:18]} Kg7 {[%clk 0:09:22]} 38. a4 {[%clk 0:26:18]} Kf7
{[%clk 0:08:09]} 39. f3 {[%clk 0:24:05]} Rxb4 {[%clk 0:05:38]} 40. Rxc6
{[%clk 0:54:07]} Rxa4 {[%clk 0:34:08]} 41. Rxg6 {[%clk 0:54:02]} a5
{[%clk 0:33:43]} 42. Ra6 {[%clk 0:53:58]} Rxd4 {[%clk 0:30:05]} 43. Rxa5
{[%clk 0:54:13]} Rd3 {[%clk 0:28:58]} 44. Kf4 {[%clk 0:54:27]} Kf6
{[%clk 0:23:03]} 45. Ra6+ {[%clk 0:53:56]} Kg7 {[%clk 0:23:11]} 46. Rd6
{[%clk 0:54:02]} d4 {[%clk 0:22:29]} 47. Rd7+ {[%clk 0:53:02]} Kg6
{[%clk 0:22:31]} 48. Rd5 {[%clk 0:53:20]} Ra3 {[%clk 0:14:29]} 49. Rd6+
{[%clk 0:52:40]} Kg7 {[%clk 0:14:18]} 50. Rxd4 {[%clk 0:52:54]} Kg6
{[%clk 0:07:51]} 51. Rd6+ {[%clk 0:52:48]} Kg7 {[%clk 0:08:04]} 52. Re6
{[%clk 0:53:05]} Rb3 {[%clk 0:07:39]} 53. Re3 {[%clk 0:53:17]} Rb5
{[%clk 0:02:24]} 54. Re5 {[%clk 0:53:29]} Rb6 {[%clk 0:02:31]} 55. Kxf5
{[%clk 0:52:57]} Rb3 {[%clk 0:02:41]} 56. Kf4 {[%clk 0:52:16]} Rb4+
{[%clk 0:03:05]} 57. Kg5 {[%clk 0:52:15]} Rb3 {[%clk 0:03:11]} 58. Rf5
{[%clk 0:52:36]} 1-0

[Event "Junior-SM"]
[Site "Örebro"]
[Date "2013.07.14"]
[Round "9"]
[White "Ölund, Joar"]
[Black "Rydström, Tom"]
[Result "1/2-1/2"]
[BlackElo "2172"]
[WhiteElo "2237"]

1. d4 {[%clk 1:30:48]} d5 {[%clk 1:30:52]} 2. c4 {[%clk 1:31:12]} c6
{[%clk 1:31:18]} 3. Nf3 {[%clk 1:31:39]} Nf6 {[%clk 1:31:45]} 4. Nc3
{[%clk 1:32:05]} e6 {[%clk 1:32:12]} 5. Bg5 {[%clk 1:32:34]} dxc4
{[%clk 1:32:31]} 6. e4 {[%clk 1:32:57]} b5 {[%clk 1:32:58]} 7. e5
{[%clk 1:33:24]} h6 {[%clk 1:33:24]} 8. Bh4 {[%clk 1:33:53]} g5 {[%clk 1:33:38]}
9. Nxg5 {[%clk 1:34:14]} hxg5 {[%clk 1:34:05]} 10. Bxg5 {[%clk 1:34:29]} Be7
{[%clk 1:34:29]} 11. exf6 {[%clk 1:32:29]} Bxf6 {[%clk 1:34:58]} 12. Bxf6
{[%clk 1:29:25]} Qxf6 {[%clk 1:35:26]} 13. a4 {[%clk 1:29:26]} Rh4
{[%clk 1:35:08]} 14. axb5 {[%clk 1:28:49]} Rxd4 {[%clk 1:34:48]} 15. Qf3
{[%clk 1:28:19]} Qxf3 {[%clk 1:32:00]} 16. gxf3 {[%clk 1:28:42]} Bb7
{[%clk 1:32:22]} 17. Rg1 {[%clk 1:14:37]} f5 {[%clk 1:29:37]} 18. Rg7
{[%clk 1:06:36]} Nd7 {[%clk 1:21:56]} 19. Rg8+ {[%clk 1:06:46]} Nf8
{[%clk 1:22:24]} 20. Rg7 {[%clk 1:07:10]} Nd7 {[%clk 1:22:29]} 21. Rg8+
{[%clk 0:48:10]} Nf8 {[%clk 1:22:49]} 22. Rg7 {[%clk 0:47:43]} Nd7
{[%clk 1:23:18]} 23. Rg8+ {[%clk 0:47:42]} Nf8 1/2-1/2

[Event "Junior-SM"]
[Site "Örebro"]
[Date "2013.07.14"]
[Round "10"]
[White "Lokander, Martin"]
[Black "Cederstam Barsk, Carl"]
[Result "0-1"]
[BlackElo "2232"]
[WhiteElo "2238"]

1. e4 {[%clk 0:10:08]} c6 {[%clk 0:09:51]} 2. d4 {[%clk 0:10:11]} d5
{[%clk 0:09:55]} 3. f3 {[%clk 0:10:14]} dxe4 {[%clk 0:09:56]} 4. fxe4
{[%clk 0:10:18]} e5 {[%clk 0:10:00]} 5. Nf3 {[%clk 0:10:22]} Bg4 {[%clk 0:10:04]}
6. Bc4 {[%clk 0:10:22]} Nd7 {[%clk 0:10:08]} 7. c3 {[%clk 0:10:23]} Bh5
{[%clk 0:10:05]} 8. O-O {[%clk 0:10:20]} Ngf6 {[%clk 0:10:08]} 9. Bg5
{[%clk 0:09:14]} Bd6 {[%clk 0:09:53]} 10. Nbd2 {[%clk 0:09:04]} O-O
{[%clk 0:09:42]} 11. Kh1 {[%clk 0:08:48]} Qc7 {[%clk 0:08:34]} 12. Qe1
{[%clk 0:08:28]} Bg6 {[%clk 0:07:06]} 13. Qh4 {[%clk 0:07:27]} b5
{[%clk 0:05:45]} 14. Bb3 {[%clk 0:07:25]} c5 {[%clk 0:05:30]} 15. dxe5
{[%clk 0:06:29]} Bxe5 {[%clk 0:05:22]} 16. Nxe5 {[%clk 0:06:09]} Qxe5
{[%clk 0:05:22]} 17. Rae1 {[%clk 0:06:00]} h6 {[%clk 0:04:17]} 18. Nf3
{[%clk 0:04:34]} hxg5 {[%clk 0:03:29]} 19. Nxe5 {[%clk 0:04:38]} gxh4
{[%clk 0:03:33]} 20. Nxg6 {[%clk 0:04:41]} Rfe8 {[%clk 0:03:21]} 21. Nxh4
{[%clk 0:04:11]} c4 {[%clk 0:02:22]} 22. Bc2 Ne5 23. Nf5 {[%clk 0:04:20]} a6
{[%clk 0:02:17]} 24. h3 {[%clk 0:04:07]} Rad8 {[%clk 0:02:00]} 25. Nd4
{[%clk 0:04:08]} Nfd7 {[%clk 0:01:52]} 26. a4 {[%clk 0:03:54]} Rb8
{[%clk 0:01:46]} 27. axb5 {[%clk 0:03:57]} axb5 {[%clk 0:01:50]} 28. Ra1
{[%clk 0:03:34]} b4 {[%clk 0:01:34]} 29. Ba4 {[%clk 0:03:36]} Red8
{[%clk 0:01:15]} 30. Bb5 {[%clk 0:02:57]} Nc5 {[%clk 0:00:47]} 31. cxb4
{[%clk 0:02:38]} Nxe4 {[%clk 0:00:48]} 32. Ne2 {[%clk 0:01:52]} Rxb5
{[%clk 0:00:48]} 33. Rf4 {[%clk 0:01:54]} Nf6 {[%clk 0:00:48]} 34. Rf5
{[%clk 0:01:29]} Re8 {[%clk 0:00:41]} 35. Ra5 {[%clk 0:01:26]} Rxa5
{[%clk 0:00:40]} 36. bxa5 {[%clk 0:01:30]} Nd3 {[%clk 0:00:43]} 37. Nc3
{[%clk 0:01:30]} Nxb2 {[%clk 0:00:46]} 38. a6 {[%clk 0:01:35]} Ra8
{[%clk 0:00:45]} 39. Rb5 {[%clk 0:01:34]} Nd3 {[%clk 0:00:44]} 40. Rb6
{[%clk 0:01:35]} Nd7 {[%clk 0:00:46]} 41. Rd6 {[%clk 0:01:38]} N7c5
{[%clk 0:00:49]} 42. Rd4 {[%clk 0:01:28]} Rxa6 {[%clk 0:00:54]} 43. Rxc4
{[%clk 0:01:31]} Ne6 {[%clk 0:00:56]} 44. Rc8+ {[%clk 0:01:35]} Kh7
{[%clk 0:01:00]} 45. Ne4 {[%clk 0:01:36]} Ne5 {[%clk 0:00:57]} 46. Rc2
{[%clk 0:01:35]} Ra4 {[%clk 0:00:59]} 47. Nf2 {[%clk 0:01:35]} Kg6
{[%clk 0:00:55]} 48. Re2 {[%clk 0:01:38]} Nd7 {[%clk 0:00:56]} 49. Kh2
{[%clk 0:01:41]} Nf6 {[%clk 0:00:58]} 50. Rb2 {[%clk 0:01:45]} Ng5
{[%clk 0:00:59]} 51. Rc2 {[%clk 0:01:40]} Nge4 {[%clk 0:01:01]} 52. Nd3
{[%clk 0:01:39]} Ra3 {[%clk 0:00:58]} 53. Ne5+ {[%clk 0:01:43]} Kf5
{[%clk 0:00:52]} 54. Nxf7 {[%clk 0:01:46]} Nd5 {[%clk 0:00:39]} 55. Nd8
{[%clk 0:01:33]} Ne3 {[%clk 0:00:38]} 56. Rc1 {[%clk 0:01:01]} Ra2
{[%clk 0:00:38]} 57. Rg1 {[%clk 0:00:31]} Rc2 {[%clk 0:00:41]} 58. Nb7
{[%clk 0:00:32]} Kf4 {[%clk 0:00:41]} 59. Nd8 {[%clk 0:00:34]} Nd2
{[%clk 0:00:39]} 60. Ne6+ {[%clk 0:00:32]} Ke5 {[%clk 0:00:43]} 61. Ng5
{[%clk 0:00:33]} Kf5 {[%clk 0:00:39]} 62. h4 {[%clk 0:00:32]} Kg4
{[%clk 0:00:43]} 63. Ra1 {[%clk 0:00:18]} Kxh4 {[%clk 0:00:39]} 64. Ne6
{[%clk 0:00:17]} Nf3+ {[%clk 0:00:38]} 65. Kh1 {[%clk 0:00:20]} Rxg2
{[%clk 0:00:41]} 66. Nxg7 {[%clk 0:00:13]} Rh2# 0-1

[Event "Junior-SM"]
[Site "Örebro"]
[Date "2013.07.14"]
[Round "11"]
[White "Cederstam Barsk, Carl"]
[Black "Lokander, Martin"]
[Result "1-0"]
[BlackElo "2238"]
[WhiteElo "2232"]

1. c4 {[%clk 0:10:00]} e5 {[%clk 0:10:08]} 2. g3 {[%clk 0:10:01]} Nc6
{[%clk 0:10:10]} 3. Nc3 {[%clk 0:10:04]} f5 {[%clk 0:10:13]} 4. Nf3
{[%clk 0:09:52]} e4 {[%clk 0:09:47]} 5. Nh4 {[%clk 0:09:52]} d6 {[%clk 0:08:39]}
6. d3 {[%clk 0:09:43]} Be7 {[%clk 0:08:18]} 7. Ng2 {[%clk 0:09:31]} Nf6
{[%clk 0:08:13]} 8. h4 {[%clk 0:08:56]} O-O {[%clk 0:07:57]} 9. Nf4
{[%clk 0:08:57]} exd3 {[%clk 0:07:45]} 10. exd3 {[%clk 0:08:51]} Nd4
{[%clk 0:07:28]} 11. Be3 {[%clk 0:08:50]} Ne6 {[%clk 0:07:32]} 12. Bg2
{[%clk 0:08:48]} c6 {[%clk 0:07:02]} 13. O-O {[%clk 0:07:12]} Ng4
{[%clk 0:06:53]} 14. Nxe6 {[%clk 0:07:13]} Bxe6 {[%clk 0:06:55]} 15. Bf4
{[%clk 0:07:14]} Bf6 {[%clk 0:06:01]} 16. Qd2 {[%clk 0:06:10]} h6
{[%clk 0:05:46]} 17. Rae1 {[%clk 0:05:30]} Bf7 {[%clk 0:05:37]} 18. f3
{[%clk 0:05:13]} Ne5 {[%clk 0:05:29]} 19. Be3 {[%clk 0:05:12]} Bg6
{[%clk 0:05:01]} 20. Ne2 {[%clk 0:04:39]} Bh7 {[%clk 0:04:14]} 21. b3
{[%clk 0:04:08]} Re8 {[%clk 0:03:18]} 22. d4 Nf7 23. Nf4 {[%clk 0:03:47]} g5
{[%clk 0:03:03]} 24. hxg5 {[%clk 0:03:47]} hxg5 {[%clk 0:03:07]} 25. Nh5
{[%clk 0:03:32]} Bg6 {[%clk 0:03:11]} 26. Nxf6+ {[%clk 0:03:27]} Qxf6
{[%clk 0:03:15]} 27. f4 {[%clk 0:03:17]} g4 {[%clk 0:03:11]} 28. d5
{[%clk 0:03:14]} c5 {[%clk 0:03:15]} 29. Bf2 {[%clk 0:02:57]} b6 {[%clk 0:02:57]}
30. Rxe8+ {[%clk 0:02:56]} Rxe8 {[%clk 0:03:01]} 31. Re1 {[%clk 0:03:00]} Rxe1+
{[%clk 0:02:59]} 32. Bxe1 {[%clk 0:02:59]} Qa1 {[%clk 0:02:55]} 33. Kf2
{[%clk 0:02:17]} Nd8 {[%clk 0:02:43]} 34. Qc2 {[%clk 0:02:09]} Qd4+
{[%clk 0:02:39]} 35. Kf1 {[%clk 0:02:14]} a6 {[%clk 0:02:32]} 36. Qe2
{[%clk 0:01:57]} Nf7 {[%clk 0:02:11]} 37. Qd2 {[%clk 0:01:49]} Qa1
{[%clk 0:02:03]} 38. Kf2 {[%clk 0:01:39]} Nh6 {[%clk 0:02:03]} 39. Qc2
{[%clk 0:01:36]} Qd4+ {[%clk 0:02:03]} 40. Kf1 {[%clk 0:01:41]} b5
{[%clk 0:02:05]} 41. Bf2 {[%clk 0:01:31]} Qa1+ {[%clk 0:02:07]} 42. Ke2
{[%clk 0:01:33]} bxc4 {[%clk 0:02:02]} 43. bxc4 {[%clk 0:01:35]} Be8
{[%clk 0:02:06]} 44. Be1 {[%clk 0:01:29]} Qd4 {[%clk 0:01:42]} 45. Bf2
{[%clk 0:01:31]} Qf6 {[%clk 0:01:41]} 46. Be1 {[%clk 0:01:33]} Qe7+
{[%clk 0:01:44]} 47. Kf2 {[%clk 0:01:33]} Kh7 {[%clk 0:01:41]} 48. Bc3
{[%clk 0:01:35]} Kg6 {[%clk 0:01:44]} 49. Bb2 {[%clk 0:01:33]} Ng8
{[%clk 0:01:48]} 50. Qc3 {[%clk 0:01:33]} Ba4 {[%clk 0:01:36]} 51. Bf1
{[%clk 0:01:26]} Bd1 {[%clk 0:01:34]} 52. Qe1 {[%clk 0:01:15]} Bc2
{[%clk 0:00:45]} 53. Qc3 {[%clk 0:01:05]} Be4 {[%clk 0:00:38]} 54. Bd3
{[%clk 0:00:49]} Qh7 {[%clk 0:00:31]} 55. Bxe4 {[%clk 0:00:45]} fxe4
{[%clk 0:00:35]} 56. Kg1 {[%clk 0:00:30]} Kf5 {[%clk 0:00:37]} 57. Qe3
{[%clk 0:00:24]} Qb7 {[%clk 0:00:39]} 58. Qc3 {[%clk 0:00:27]} Qb4
{[%clk 0:00:25]} 59. Qg7 {[%clk 0:00:24]} Qe1+ {[%clk 0:00:28]} 60. Kg2
{[%clk 0:00:28]} Qe2+ {[%clk 0:00:31]} 61. Kg1 {[%clk 0:00:32]} e3
{[%clk 0:00:31]} 62. Qh7# {[%clk 0:00:28]} 1-0